| 000 | 01935cam a22004694i 4500 | ||
|---|---|---|---|
| 003 | PE-LiUPU | ||
| 005 | 20250731173031.0 | ||
| 008 | 150623s1989 mdua rb 000 0 eng d | ||
| 020 | _a0925675032 | ||
| 035 | _a(Sirsi) i9780925675033 | ||
| 040 |
_aPE-LiUPU _bspa _cPE-LiUPU _erda |
||
| 049 | _aPRUA | ||
| 082 | 0 | 4 |
_a227.870 66 _bI44 _221 |
| 245 | 0 | 0 |
_aIssues in the book of Hebrews / _cEditado por Frank B. Hoolbrook. |
| 264 | 1 |
_aHagerstown, Maryland : _bReview and Herald Publishsing Association, _c1989. |
|
| 300 |
_a237 páginas : _bilustraciones ; _c23 centímetros. |
||
| 336 |
_atext _2rdacontent |
||
| 337 |
_aunmediated _2rdamedia |
||
| 338 |
_avolume _2rdacarrier |
||
| 490 | 0 |
_aDaniel and Revelation Committee Series ; _v4 |
|
| 504 | _aIncluye bibliografía al pie de páginas. | ||
| 505 | 0 | _aDaniel and revelation committee report -- Hebrews -- The heavenly sanctuary-figurative or real? -- An exegesis of selected passages -- Defilement/purification and Hebrews 9:23 -- Day of atonement allusions -- Typology in the book of Hebrews -- Antithetical or correspondece typology? -- Sanctuary theology. | |
| 526 | _aSEG42 | ||
| 526 | _aSEG41 | ||
| 526 | _aSEG40 | ||
| 526 | _aSEG39 | ||
| 526 | _aP94 | ||
| 526 | _aP87 | ||
| 526 | _aP86 | ||
| 526 | _aP85 | ||
| 526 | _aP77 | ||
| 526 | _aP76 | ||
| 526 | _aP35 | ||
| 630 |
_aBiblia. _pN.T. _pHebreos _xCrítica, interpretación, etc. |
||
| 700 | 1 |
_aHoolbrook, Frank B., _eeditor. |
|
| 942 |
_2ddc _cBOOK |
||
| 949 |
_a227.870 66 I44 _wDEWEY _c1 _i48117 _lCCODEBUL1 _mBUL _r0 _sY _tBOOK _u2015-6-24 _xTEOLOGIA _PP35 _0COMPRA _o.STAFF. Colección General |
||
| 994 |
_aC0 _bPEPRU |
||
| 596 | _a1 | ||
| 999 |
_a227.870 66 I44 _wDEWEY _c25093 _i48117 _d25093 _e2017-11-5 _f2021-11-9 _g5 _lCCODEBUL1 _mBUL _n2 _p43.75 _q9 _r0 _sY _tBOOK _u2015-6-24 _xTEOLOGIA _PP35 _0COMPRA _o.STAFF. Colección Teología |
||
| 980 |
_81 _gALBERTO SANCHEZ Responsable de Automatización |
||